Countries Most Similar To Italy - Statistics

General Stats
  • This quiz has been taken 272 times
  • The average score is 14 of 20
Answer Stats
Rank Country Score % Correct
1 Spain 83.2
98%
3 France 79.9
97%
2 Portugal 80.9
93%
10 Germany 75
90%
6 Greece 77.2
89%
18 Switzerland 71.4
79%
4 Croatia 78.7
78%
5 Slovenia 78.3
76%
8 Austria 75.5
74%
7 Belgium 76.1
66%
15 Netherlands 72.4
63%
9 Poland 75
63%
12 Romania 74.7
62%
11 Slovakia 74.7
58%
13 Czechia 73.5
55%
17 Hungary 72.1
53%
14 Luxembourg 73.4
49%
16 Bulgaria 72.2
48%
20 Denmark 70
41%
19 Montenegro 70.7
32%
No matching quizzes found
Score Distribution
Percent of People with Each Score
Percentile by Number Answered
Your Score History
You have not taken this quiz